Normal view MARC view
  • Sylvester C

Entry Personal Name

Number of records used in: 1

001 - CONTROL NUMBER

  • control field: 109540

003 - CONTROL NUMBER IDENTIFIER

  • control field: OSt

005 - DATE AND TIME OF LATEST TRANSACTION

  • control field: 20230125043522.0

008 - FIXED-LENGTH DATA ELEMENTS

  • fixed length control field: 230125|| aca||aabn | a|a d

040 ## - CATALOGING SOURCE

  • Original cataloging agency: OSt
  • Transcribing agency: OSt

100 ## - HEADING--PERSONAL NAME

  • Personal name: Sylvester C

670 ## - SOURCE DATA FOUND

  • Source citation: Work cat.: (OSt)86230: Sylvester C, Feminist International Relations, 2002